| 000 | 00507nas a2200169 4500 | ||
|---|---|---|---|
| 003 | NALT | ||
| 005 | 20211027103834.0 | ||
| 008 | 170915b xxu|||p| |||| 00| 0 tha d | ||
| 022 | _a19050844 | ||
| 040 |
_aNALT _btha |
||
| 245 | _aOK! Magazine Thailand | ||
| 310 | _aรายเดือน | ||
| 500 | _aหยุดผลิตหลังเดือนมิถุนายน 2562 | ||
| 850 | _aNALT | ||
| 866 | _aฉบับที่ 309-314 (ม.ค.-มิ.ย. 2562) | ||
| 942 |
_cJNR _s1 _02 _2lcc |
||
| 999 |
_c93788 _d93788 |
||
| 998 |
_j755 _k จินตนา เอี่ยมคง |
||